00643cam a22001933a 450000100060000000300060000600500170001200800410002904000150007004200070008510000290009224501570012126000290027850600300030751600200033770000210035783000290037885600420040740858PGUSA20140828083919.0120925s2012||||xxu|||||s|||||000 | eng d aPGUSAbeng adc1 aD'Aubigné, J. H. Merle10aHistory of the Reformation in the Sixteenth Century (Volume 1) :bA new translation by Henry Beveridgeh[electronic resource] /cJ. H. Merle D'Aubigné bProject Gutenberg,c2012 aPublic domain in the USA. aElectronic text1 aBeveridge, Henry 0aProject Gutenbergv4085840uhttp://www.gutenberg.org/ebooks/40858